ACADEMIA súčasnosť a perspektívy vysokých škôl

Guardado en:
Detalles Bibliográficos
Formato: Seriadas
Lenguaje:eslovaco
Publicado: Bratislava Centrum vedecko-technických informácií SR 2021
Materias:
Etiquetas: Agregar Etiqueta
Sin Etiquetas, Sea el primero en etiquetar este registro!

MARC

LEADER 00000nas2a2200000 4500
001 0303679
005 20240820104101.2
022 |a 1335-5864 
041 0 |a slo 
044 |a SK 
245 1 0 |a ACADEMIA  |b súčasnosť a perspektívy vysokých škôl 
264 1 |a Bratislava  |b Centrum vedecko-technických informácií SR  |c 2021 
773 0 |w eu_un_cat*s121295 
610 2 0 |a školy vysoké